| 000 | 02215cam a22003611a 4500 | ||
|---|---|---|---|
| 999 |
_c130367 _d130367 |
||
| 001 | 7395208 | ||
| 003 | ARRUPE | ||
| 005 | 20200217100544.0 | ||
| 008 | 910415s1943 iluah b 001 0 eng | ||
| 010 | _aa 44002619 | ||
| 035 | _a(OCoLC)27794059 | ||
| 040 |
_aDLC _cNAlU _dOCoLC _dTxKT _dDLC |
||
| 050 | 0 | 0 |
_aBR65.J54 _bO44 |
| 100 | 1 |
_aOldfather, William Abbott, _d1880-1945. _949541 |
|
| 245 | 1 | 0 |
_aStudies in the text tradition of St. Jerome's Vitae patrum / _cby Father John Frank Cherf ... [et al.] ; edited by William Abbott Oldfather with the assistance of Sister Mary Donald McNeil, Leslie Dent Johnston, John Leslie Catterall ... [et al.] |
| 260 |
_aUrbana : _bThe University of Illinois Press, _c1943. |
||
| 300 |
_aix, 566 p. : _bill. ; _c27 cm. |
||
| 500 | _aFacsimile on lining papers. | ||
| 500 | _a"Published ... under the auspices of the Graduate School in commemoration of the seventy-fifth year of the University of Illinois." | ||
| 500 | _a"Addenda et corrigenda" (4 p.) laid in. | ||
| 504 | _aIncludes bibliographical references (p. 551-557) and index. | ||
| 505 | 0 | 0 |
_tThe Latin manuscript tradition of the Vita sancti Pauli / _rby J.F. Cherf -- _tThe Greek versions of Jerome's Vita sancti Pauli / _rby Katharine T. Corey -- _tThe Latin manuscript tradition of the Vita sancti Hilarionis / _rby Sister Mary Donald McNeil -- _tThe Greek versions of Jerome's Vita sancti Hilarionis / _rby Ruth F. Strout -- _tThe Latin manuscript tradition of Jerome's Vita sancti Malchi / _rby Harriet C. Jameson -- _tGeneral methods and results of the preceding studies / _rby Grundy Steiner -- _tAppendix -- _tVitae of the authors of the several doctoral dissertations. |
| 600 | 0 | 0 |
_aJerome, _cSaint, _d-419 or 420. _tVitae patrum. _949542 |
| 700 | 1 |
_aCherf, John Frank, _d1894- _949543 |
|
| 700 | 1 |
_aCorey, Katharine Sybil Tubbs, _d1907- _949544 |
|
| 700 | 1 |
_aMcNeil, Mary Donald, _cSister, _d1899- _949545 |
|
| 700 | 1 |
_aStrout, Ruth Calista French, _d1906- _949546 |
|
| 700 | 1 |
_aJameson, Harriet Clara, _d1909- _949547 |
|
| 700 | 1 |
_aSteiner, Grundy, _d1916- _949548 |
|
| 700 | 0 |
_aJerome, _cSaint, _d-419 or 420. _tVitae patrum. _949542 |
|
| 906 |
_a7 _bcbc _coclcrpl _du _encip _f19 _gy-gencatlg |
||
| 942 |
_2lcc _cMONOGRAPH |
||